Statystyki dla Ile mieszkańców ma to państwo?

Kliknij tutaj aby rozwiązać quiz!

Ogólne statystyki

  • Ten quiz został rozwiązany 160 razy
  • Średni wynik to 13 z 39

Statystyki odpowiedzi

PaństwoMln% Poprawnych
Austria8
75%
Albania3
74%
Belgia10
66%
Estonia1
59%
Czechy11
59%
Czarnogóra1
57%
Białoruś10
57%
Bośnia i Hercegowina4
56%
Finlandia5
56%
Dania6
56%
Luksemburg1
44%
Łotwa2
43%
Polska38
42%
Mołdawia4
39%
Litwa4
39%
Niemcy81
38%
Macedonia2
37%
Grecja11
33%
Francja66
33%
Holandia17
32%
Hiszpania48
30%
Norwegia5
27%
San Marino0
20%
Portugalia11
19%
Rosja142
19%
Watykan0
16%
Słowenia2
16%
Słowacja5
16%
Irlandia5
15%
Szwajcaria8
15%
Rumunia22
13%
Ukraina43
13%
Serbia7
13%
Kosowo2
11%
Węgry10
10%
Wielka Brytania64
10%
Turcja82
10%
Szwecja10
8%
Włochy62
4%

Rozkład punktacji

Percentyl według liczby udzielonych odpowiedzi

Procent ludzi z każdym wynikiem

Twoja historia wyników

Nie rozwiązałeś tego quizu